| 000 | 00700nam a2200217Ia 4500 | ||
|---|---|---|---|
| 003 | GCL | ||
| 008 | 140319s9999 xx 000 0 ara d | ||
| 040 |
_aGCL / _cGCL |
||
| 082 | 0 | 4 |
_a811.9 _bم د |
| 100 | 1 | _aمحمود سامى البارودى | |
| 245 | 1 | 0 |
_aديوان البارودى / _cمحمود سامى البارودى |
| 700 | 1 | _aعلى الجارم (تحقيق) | |
| 700 | 1 | _aمحمد شفيق معروف (تحقيق) | |
| 260 |
_a[S.N] : _bدار العودة للصحافة والطباعه ، _c1992 |
||
| 300 | _a731 ص | ||
| 490 | _a | ||
| 650 | 0 | 4 | _aالشعر العربى |
| 650 | 0 | 4 | _aالادب العربى |
| 650 | 0 | 4 | _aدواوين وقصائد |
| 942 |
_2ddc _cBK |
||
| 999 |
_c53894 _d53894 |
||